Villes d'Europe sur une carte par lettre - M - Statistiques

Statistiques générales
  • Ce quiz a été pris 235 fois
  • Le résultat moyen est 6 sur 10
Réponses sur la Carte
Les réponses sont colorées sur une échelle allant du rouge au vert en fonction du pourcentage des utilisateurs qui les ont devinées à leur premier essai. Vous pouvez retrouver ces pourcentages ci-dessous.
 
Statistiques - réponses
Ville en M % Correct
Manchester
97%
Moscou
93%
Monaco
77%
Malaga
73%
Malmö
71%
Mons
43%
Messine
34%
Mourmansk
34%
Maribor
32%
Mostar
23%
Aucun quiz correspondant
Distribution des résultats
% des personnes avec chaque résultat
Percentile par nombre de réponses
Votre historique - résultats
Vous n’avez pas pris ce quiz